Papa Doc, Baby Doc : Haiti and the Duvaliers /

Bibliographic Details
Main Author: Ferguson, James, 1956-
Format: Book
Language:English
Published: Oxford, UK ; New York, NY, USA : B. Blackwell, 1987.
Subjects:

MARC

Tag First Indicator Second Indicator Subfields
LEADER 00000cam a2200000 a 4500
001 in00000028138
005 20151007060007.0
008 870512s1987 enkabcf b 00110ceng
010 |a  87012148  
020 |a 0631156011 :  |c $19.95 
035 |a (OCoLC)16005902 
035 |9 AAB9829AM 
040 |a DLC  |c DLC  |d OCL  |d TXA  |d UtOrBLW 
043 |a nwht--- 
049 |a TXAM  |c [A11671803] 
050 0 0 |a F1928  |b .F47 1987 
082 0 |a 972.94/07  |2 19 
100 1 |a Ferguson, James,  |d 1956- 
245 1 0 |a Papa Doc, Baby Doc :  |b Haiti and the Duvaliers /  |c James Ferguson. 
263 |a 8710 
264 1 |a Oxford, UK ;  |a New York, NY, USA :  |b B. Blackwell,  |c 1987. 
300 |a x, 171 pages, 9 unnumbered pages of plates :  |b illustrations, map, portraits ;  |c 24 cm. 
336 |a text  |b txt  |2 rdacontent 
337 |a unmediated  |b n  |2 rdamedia 
338 |a volume  |b nc  |2 rdacarrier 
504 |a Bibliography: pages [162]-163. 
500 |a Includes index. 
651 0 |a Haiti  |x History  |y 1934-1986. 
600 1 0 |a Duvalier, François,  |d 1907-1971. 
600 1 0 |a Duvalier, Jean-Claude,  |d 1951-2014. 
740 0 |a Haiti and the Duvaliers. 
999 |a MARS 
999 f f |s d25d3b7c-95a1-38b5-8e80-acefc125e412  |i 93ef8ff6-6929-396f-b9f8-93a4c510e8ae  |t 0 
952 f f |p normal  |a Texas A&M University  |b College Station  |c Sterling C. Evans Library  |d Evans: Library Stacks  |t 0  |e F1928 .F47 1987  |h Library of Congress classification  |i unmediated -- volume  |m A14811671803 
998 f f |a F1928 .F47 1987  |t 0  |l Evans: Library Stacks